Сб. 3; Материалы Азово-Черноморского геологического управления по геологии и полезным ископаемым

التفاصيل البيبلوغرافية
Parent link:Материалы Азово-Черноморского геологического управления по геологии и полезным ископаемым: сборник/ Азово-Черноморское геологическое управление. Сб. 3.— , 1938-
اللغة:الروسية
منشور في: 1938
الموضوعات:
التنسيق: MixedMaterials كتاب
KOHA link:https://koha.lib.tpu.ru/cgi-bin/koha/opac-detail.pl?biblionumber=198619

MARC

LEADER 00000nam2a2200000 4500
001 198619
005 20231101224829.0
035 |a (RuTPU)RU\TPU\book\216627 
035 |a RU\TPU\book\216595 
090 |a 198619 
100 |a 20110704d1938 k y0rusy50 ca 
101 0 |a rus 
102 |a RU 
105 |a a z 001zy 
200 0 |a Сб. 3 
210 |d 1938 
215 |a 255 с.  |c ил. 
320 |a Библиогр. в конце ст. 
461 1 |0 (RuTPU)RU\TPU\book\216595  |t Материалы Азово-Черноморского геологического управления по геологии и полезным ископаемым  |o сборник  |f Азово-Черноморское геологическое управление  |v Сб. 3  |d 1938-  
606 1 |a Полезные ископаемые  |x Геология  |2 stltpush  |3 (RuTPU)RU\TPU\subj\50069  |9 68818 
610 1 |a Азово-Черноморье 
610 1 |a палеоинтрузия 
610 1 |a неоинтрузия 
610 1 |a возраст 
610 1 |a оруденение 
610 1 |a железные руды 
610 1 |a золотоносные конгломераты 
610 1 |a Северный Кавказ 
610 1 |a Северная Осетия 
610 1 |a геология 
610 1 |a петрография 
610 1 |a Краснодарский край 
610 1 |a облицовочные материалы 
610 1 |a диабазы 
610 1 |a серпентиниты 
610 1 |a сапониты 
675 |a 553  |v 3 
801 1 |a RU  |b 63413507  |c 20110629 
801 2 |a RU  |b 63413507  |c 20110707  |g RCR 
942 |c BK